[Event "SapporoSummer2018"]
[Site "?"]
[Date "2018.07.28"]
[Round "1.1"]
[White "SUGIMOTO, Koichi"]
[Black "BRINKMANN, Leonard"]
[Result "1/2-1/2"]
[WhiteElo "1966"]
[BlackElo "1636"]
[Annotator "Fritz 15 (30s)"]
[PlyCount "74"]

{A53: Old Indian Defence without Nf3} 1. d4 d6 2. c4 e5 3. d5 Be7 4. e4 Nf6 5.
Nc3 c6 6. Nf3 (6. f3 O-O 7. Be3 a5 8. Bd3 Na6 9. Nge2 Nd7 10. a3 Bg5 11. Bf2
Ndc5 12. Bc2 cxd5 13. Nxd5 a4 14. O-O Bd7 15. Nec3 Qa5 16. Be1 Qd8 17. Nxa4
Nxa4 18. Bxa4 Bxa4 19. Qxa4 Nc7 20. Qb3 Nxd5 {Razuvaev,Y (2560)-Vokac,M (2465)
Pardubice 1993 1/2-1/2 (59)}) 6... Qc7 $146 {Black has a cramped position} (
6... O-O 7. Be2 cxd5 (7... Na6 8. Nd2 Ne8 9. O-O Bg5 10. a3 c5 11. Bg4 Bxg4 12.
Qxg4 g6 13. Nf3 {1/2-1/2 (13) Meier,T (2200)-Benko,P (2440) Augsburg 1987}) 8.
cxd5 a6 (8... Nbd7 9. Qc2 a5 10. O-O Nc5 11. Be3 b6 12. Nd2 Ng4 13. Bxg4 Bxg4
14. a3 Nd7 15. f3 Bh5 16. b4 Qc7 17. Qb2 Rfc8 18. Rfc1 Qb7 19. Nb5 f5 20. Rxc8+
Rxc8 21. Rc1 axb4 22. axb4 Nf6 23. Nc4 {Ghinda,M (2455)-Perecz,L (2315)
Dortmund 1979 1/2-1/2}) 9. h3 Nbd7 10. Qc2 b5 11. O-O Nb6 12. a3 Bd7 13. Be3
Qb8 14. Nd2 Rc8 15. Rfc1 Bd8 16. Qb3 Be8 17. Rc2 Nbd7 {1/2-1/2 (17) Yermolenko,
V (2256)-Matjushin,G (2430) Shakhty 2015}) 7. Be2 a5 8. O-O Nbd7 9. Be3 h6 {
Consolidates g5} 10. Rc1 {White has an active position} Nf8 (10... Ng4 11. Bd2
$11) 11. Ne1 (11. Nd2 N6d7 $16) 11... c5 12. f4 (12. h4 N8d7 $14) 12... exf4
13. Bxf4 {White has a new backward pawn: e4. White has a very active position}
Ng6 14. Bg3 {White has an active position} Qd8 15. Nb5 {'the knight is the
knight!'} (15. Nd3 O-O $14) 15... Ra6 {Black has a cramped position} (15...
Nxe4 16. Qd3 Nxg3 17. Qxg3 $15) 16. Nd3 (16. Bf3 $142 $5 $14 {would keep White
alive}) 16... Nxe4 $15 17. Be1 {White has a king attack} O-O {Black castles
and improves king safety} 18. Bh5 {Black has a cramped position} Bg5 {Black
threatens to win material: Bg5xc1} 19. Rc2 Be3+ (19... Nf6 20. Bd2 $15) 20. Kh1
$11 {White has an active position} Nf6 21. Bxg6 (21. Re2 Nxh5 22. Rxe3 Nf6 $11)
21... fxg6 {Black has the pair of bishops.} (21... Bg4 22. Bxf7+ Rxf7 23. Qa1
$15) 22. Bh4 (22. h3 $5 $15 {is worth looking at}) 22... g5 $17 23. Bg3 (23.
Bf2 Bg4 24. Qe1 Bf4 $17) 23... Bg4 24. Qe1 Re8 25. Qa1 Ne4 26. Bf2 Nxf2+ (26...
Bd2 27. Nc3 Bxc3 28. bxc3 $19) 27. Nxf2 $17 Bd7 28. Re2 Bf4 (28... Bxb5 29.
cxb5 Ra8 30. Qe1 $17) 29. Rxe8+ Bxe8 (29... Qxe8 30. Nc7 Qh5 31. h3 $17) 30.
Nd3 (30. Qe1 $5 {looks like a viable alternative} Ra8 31. Nd3 Bxb5 32. Qe6+ Kh7
33. cxb5 $15) 30... Bxb5 $17 31. cxb5 Ra8 32. Nxf4 gxf4 33. Qd1 Qf6 34. Qd2 Re8
35. h3 b6 (35... Re3 36. Kg1 $19) 36. Rxf4 Re1+ (36... Qe5 $142 $5 $17) 37.
Qxe1 $11 Qxf4 1/2-1/2

[Event "SapporoSummer2018"]
[Site "?"]
[Date "2018.07.28"]
[Round "1.2"]
[White "KOBAYASHI, Katsuhiko"]
[Black "YOSHII, Yukihiko"]
[Result "1-0"]
[WhiteElo "1455"]
[BlackElo "1844"]
[Annotator "Fritz 15 (30s)"]
[PlyCount "107"]

{[%mdl 8192] C90: Closed Ruy Lopez with 7...d6: Early deviations} 1. e4 e5 2.
Nf3 Nc6 3. Bb5 a6 4. Ba4 Nf6 5. O-O Be7 6. Re1 b5 7. Bb3 d6 8. c3 Bg4 9. h3
Bxf3 10. Qxf3 O-O 11. d3 Na5 (11... Rb8 12. Nd2 Nd7 13. Bd5 Na7 14. Nf1 Nb6 15.
Bb3 a5 16. a4 bxa4 17. Bxa4 Nxa4 18. Rxa4 Nc6 19. Ne3 Bg5 20. Nc4 Rb5 21. Bxg5
Qxg5 22. Rea1 Rfb8 23. g3 h5 24. h4 Qg4 25. Qxg4 hxg4 26. Kf1 {Sax,G (2524)
-Romanishin,O (2572) Bled 1999 1-0 (48)}) 12. Bc2 c5 13. Bg5 $146 (13. Nd2 Re8
(13... Ne8 14. Nf1 Bg5 15. Ne3 Nc6 16. g3 Ne7 17. a4 Bh6 18. Kg2 Nc7 19. Qg4
Qc8 20. f4 Kh8 21. Qxc8 Rfxc8 22. Ng4 Ng8 23. fxe5 Bxc1 24. Rexc1 h5 25. exd6
hxg4 26. dxc7 gxh3+ 27. Kxh3 bxa4 28. Rxa4 {Padmini,R (2454)-Htay,M (2286) Ho
Chi Minh City 2015 1-0 (50)}) (13... Nd7 14. Nf1 Bg5 {1/2-1/2 (14) Bellia,F 
(2399)-Salvador,R (2527) Milan 2010} 15. Ne3 Bxe3 16. Bxe3 Nc6 17. Rad1 Rc8 18.
Qg3 Qf6 19. f4 Qg6 20. Qf2 exf4 21. Bxf4 Qf6 22. Qg3 Nde5 23. Rf1 Qe6 24. Rf2
Qg6 25. Qxg6 hxg6 26. d4 cxd4 27. cxd4 Nc4 28. b3 g5 29. Bc1 Nb6 {Zaitsev,A 
(2402)-Khanov,V (2255) Tula 2005 1-0 (36)}) 14. Nf1 Nd7 15. Qg3 Kh8 16. Ne3 Bf8
17. Bd2 Nc6 18. Bb3 c4 19. dxc4 Nc5 20. Bc2 Rb8 21. cxb5 axb5 22. Nd5 Ne6 23.
a4 Qc8 24. b4 Ncd4 25. Bd1 Nc6 26. axb5 Rxb5 27. Be2 Rb8 {Dutreeuw,M (2410)
-Osman,G (2185) Moscow 1994 1-0 (60)}) 13... Nc6 {[%cal Yb5b4] Black plans b4}
14. Nd2 Rc8 15. Rad1 Qc7 16. Qe2 b4 {Black gets more space} (16... h6 17. Bh4
$11) 17. Nf3 a5 18. Bb3 h6 19. Bh4 (19. Bc1 bxc3 20. bxc3 a4 21. Bxa4 Qa5 22.
Bxc6 Rxc6 $16) 19... Nh7 20. Bxe7 Qxe7 21. d4 cxd4 22. cxd4 Nxd4 (22... Ng5 $5
{is interesting} 23. Nxg5 Qxg5 24. dxe5 dxe5 $11) 23. Nxd4 $16 exd4 24. Rxd4
Nf6 (24... Rc5 $5 $14) 25. Qa6 $16 Rc5 26. Qxd6 Qa7 (26... Re8 $5 $16) 27. e5
$18 Re8 $4 {shortens the misery for Black} (27... Ne8 28. Qd7 Qxd7 29. Rxd7 Nc7
$18) 28. Rf1 (28. Re3 $142 {secures the win} Rc1+ 29. Kh2 $18) 28... Rcxe5 $11
29. Rc4 Ne4 {Black threatens to win material: Ne4xd6} (29... R5e7 30. Ba4 Rf8
31. Rc2 $11) 30. Rc7 $14 Nxd6 31. Rxa7 Kf8 (31... R8e7 32. Ra8+ Kh7 33. Rd1 $14
) 32. Rd1 {White threatens to win material: Rd1xd6} (32. Rd7 a4 33. Bxa4 Rd5
$16) 32... Rd8 (32... Re1+ 33. Kh2 Rxd1 34. Bxd1 $11) 33. Rd5 (33. Kf1 f6 $16)
33... Rxd5 $14 34. Bxd5 f6 (34... Rc8 $142 $5 $14 {is noteworthy}) 35. Rxa5 $16
Nf5 36. Bb3 Nd4 37. Ra4 (37. Bc4 $5 $16) 37... Nxb3 $14 38. axb3 {A rook
endgame occured.} Rd4 (38... Rd1+ 39. Kh2 $14) 39. Kf1 $16 Ke7 40. Ke2 Ke6 41.
Ke3 Rh4 (41... Rd1 42. Rxb4 Rb1 43. Rb6+ Ke5 44. f4+ Kd5 45. h4 $16) 42. g3 {
White threatens to win material: g3xh4} (42. f4 $142 $5 $18) 42... Rxh3 $14 43.
Rxb4 {White has a new passed pawn: b3} Rh5 44. Re4+ Kf7 (44... Kd5 45. b4 $16)
45. b4 Rb5 46. Kd3 g5 $2 (46... Rb7 $142 $5 $16) 47. Kc4 $18 Rf5 $4 {leading
to a quick end} (47... Rb8 $142 48. b5 h5 $18) 48. Re2 h5 (48... g4 {is not
the saving move} 49. b5 Rg5 50. b6 $18) 49. b5 h4 (49... g4 {praying for a
miracle} 50. b6 Rg5 $18) 50. b6 h3 51. b7 h2 52. Re1 (52. b8=Q Re5 53. Rxe5
fxe5 54. Qh8 h1=Q 55. Qxh1 Kg7 56. Kd5 e4 57. Ke6 e3 58. Qb7+ Kh6 59. Kf6 Kh5
60. Qc8 exf2 61. Qh3#) 52... Rxf2 (52... Re5 53. Rh1 Re4+ 54. Kc5 Re8 55. Rxh2
Kg6 $18) 53. b8=Q Rc2+ (53... Kg6 {cannot undo what has already been done} 54.
Qe8+ Kh6 55. Re7 h1=Q 56. Qh8+ Kg6 57. Qxh1 Rf4+ 58. gxf4 Kf5 59. Qf3 Kg6 60.
f5+ Kh6 61. Qh3#) 54. Kb3 (54. Kb3 h1=Q 55. Qe8+ Kg7 56. Re7+ Kh6 57. Qh8+ Kg6
58. Qxh1 Rh2 59. Qxh2 f5 60. Qh7+ Kf6 61. Qf7#) 1-0

[Event "SapporoSummer2018"]
[Site "?"]
[Date "2018.07.28"]
[Round "1.3"]
[White "KIKUCHI, Akira"]
[Black "NAKAMURA, Misturu"]
[Result "1-0"]
[WhiteElo "1763"]
[BlackElo "1078"]
[Annotator "Fritz 15 (30s)"]
[PlyCount "71"]

{[%mdl 8192] D02: 1 d4 d5 2 Nf3 sidelines, including 2...Nf6 3 g3 and 2...Nf6
3 Bf4} 1. d4 d5 2. Bf4 Nf6 3. e3 e6 4. c3 $146 {Controls b4} (4. Nf3 c5 5. Nbd2
Nbd7 6. c3 Be7 7. Ne5 O-O 8. Bd3 Nxe5 (8... a6 9. Qf3 cxd4 10. exd4 Nxe5 11.
dxe5 Nd7 12. Qh3 g6 13. O-O-O b5 14. Kb1 Nc5 15. Bc2 a5 16. Nf3 b4 17. c4 a4
18. Bd3 Qc7 19. Qh6 Nxd3 20. Rxd3 dxc4 21. Rd4 Re8 22. Bg5 Bf8 23. Qh4 {
Vujic,B (2357)-Karst,E (2317) Germany 2005 1-0 (39)}) 9. dxe5 Nd7 10. Qh5 g6
11. Qh6 f6 12. Bxg6 hxg6 13. Qxg6+ Kh8 14. h4 fxe5 15. Qh5+ Kg8 16. Bh6 Bf6 17.
Qg6+ Kh8 18. Bxf8 Nxf8 {Klaric,Z (2395)-Vul,A (2310) Kecskemet 1991 1-0 (31)})
4... c6 {Prevents intrusion on b5} 5. Nf3 Nbd7 6. Nbd2 c5 7. Bd3 c4 {Black
threatens to win material: c4xd3} 8. Be2 b5 9. b3 Qb6 (9... Nh5 10. O-O $11)
10. Rb1 $14 Qc6 11. Qc2 a5 12. bxc4 bxc4 13. O-O Ba6 {Black should quickly
conclude development.} 14. h3 {Covers g4} Be7 15. Ne5 Nxe5 16. Bxe5 O-O 17.
Bxf6 (17. Bf3 Ra7 $11) 17... Bxf6 $11 18. e4 {The typical lever} e5 (18... Rfe8
$142 $5 $11 {would allow Black to play on}) 19. exd5 $16 Qxd5 $2 (19... Qc7
$142 $5 20. Ne4 Be7 $16) 20. Bf3 $18 Qd7 (20... Qd8 21. Bxa8 Qxa8 22. Ne4 $18)
21. Bxa8 Rxa8 22. dxe5 (22. Qe4 $5 {seems even better} Rd8 23. dxe5 Be7 $18)
22... Bxe5 23. Nf3 Bf6 24. Rfd1 Qc7 (24... Qc6 25. Nd4 Qc5 26. Qb2 $18) 25. Re1
(25. Qf5 $5 h6 $18) 25... Bb7 26. Re3 g6 27. Rbe1 (27. Qb2 Bd5 $16) 27... Bc6 (
27... Kg7 28. Rd1 $16) 28. Nd4 Bd7 29. Qe4 Rd8 30. Qf3 Bg5 $4 {causes even
greater problems} (30... Kg7 $142 $16) 31. Re5 $18 Bd2 32. R1e2 Bc1 (32... f6
33. Qd5+ Be6 34. Qxe6+ Qf7 35. Qxf7+ Kxf7 36. Re7+ Kf8 $18) 33. Re7 Rf8 34. Qd5
Qc8 (34... Qf4 {doesn't change anything anymore} 35. Rxd7 Qf6 36. Rd6 $18) 35.
Qxd7 (35. Rxd7 Ba3 36. Nc6 Qxd7 37. Qxd7 h6 38. Re8 h5 39. Nd8 Be7 40. Qxe7
Rxe8 41. Qxe8+ Kg7 42. Qxf7+ Kh6 43. Qf8+ Kh7 44. Ne6 a4 45. Qg7#) 35... Qxd7
36. Rxd7 1-0

[Event "SapporoSummer2018"]
[Site "?"]
[Date "2018.07.28"]
[Round "2.1"]
[White "KANAMARU, Tomoji"]
[Black "KIKUCHI, Akira"]
[Result "0-1"]
[WhiteElo "1666"]
[BlackElo "1763"]
[Annotator "Fritz 15 (30s)"]
[PlyCount "54"]

{B17: Caro-Kann: Modern Line (4...Nd7)} 1. e4 c6 2. d4 d5 3. Nc3 dxe4 4. Nxe4
Nd7 5. Nf3 Ngf6 6. Bd3 Nxe4 7. Bxe4 Nf6 8. Bd3 Bg4 9. c3 e6 10. O-O Be7 11. Re1
(11. b3 O-O 12. Bb2 Nd5 13. Bc2 Nf4 14. Re1 Bd6 15. Be4 f5 16. Bd3 Qf6 17. Bc1
Rad8 18. Bxf4 Bxf4 19. Bc4 Rfe8 20. h3 Bh5 21. Be2 c5 22. Qc2 cxd4 23. cxd4 Rd5
24. Rad1 Red8 25. Qc3 b5 {Polgar,S (2500)-Gulko,B (2595) San Francisco 1995 1/
2-1/2 (51)}) 11... O-O 12. Be2 $146 (12. Bf4 c5 13. dxc5 Bxc5 14. h3 Bh5 {
1/2-1/2 (13) Zjukin,S (2398)-Svirjov,I (2346) Tallinn 1999}) (12. Bg5 Qd5 13.
Re5 Bxf3 14. gxf3 Qd7 15. Kh1 Nd5 16. f4 g6 17. Bh6 Rfe8 18. f5 Bf6 19. fxg6
hxg6 20. Rh5 Bg7 21. Qd2 Bh8 22. Rg1 Ne7 23. Bf8 Rxf8 24. Qh6 Qd5+ 25. Rxd5
cxd5 26. h4 Bg7 {Arosemena,J (2203)-Borda,A (2164) Khanty-Mansiysk 2010 1-0 
(59)}) (12. h3 Bh5 $14) 12... Qc7 13. Ne5 Bxe2 14. Rxe2 Rfd8 15. Bf4 Nd5 16.
Bg3 Bd6 17. Qc2 f6 {Black threatens to win material: f6xe5} (17... c5 18. dxc5
Qxc5 19. Rd1 $11) 18. Ng4 (18. Nd3 Qf7 $14) 18... Bxg3 $11 19. hxg3 Qf7 20.
Rae1 Re8 21. c4 Nc7 22. Qb3 Rab8 23. Qa3 a6 24. Qc5 Qf8 25. Qb6 {White
threatens to win material: Qb6xc7} Qd6 26. b4 Qd7 27. a4 Na8 (27... Na8 28. Qa7
Rbd8 $11) 0-1

[Event "SapporoSummer2018"]
[Site "?"]
[Date "2018.07.28"]
[Round "2.2"]
[White "WATANABE, Katsumi"]
[Black "KOBAYASHI, Katsuhiko"]
[Result "1-0"]
[WhiteElo "1672"]
[BlackElo "1455"]
[Annotator "Fritz 15 (30s)"]
[PlyCount "81"]

{[%mdl 8192] E62: King's Indian: Fianchetto: 6...c6 and Panno Variation (6...
Nc6) without ...a6} 1. d4 Nf6 2. Nf3 g6 3. g3 Bg7 4. Bg2 O-O 5. O-O d6 6. c4
Bg4 7. Nc3 Nbd7 $146 (7... Bxf3 8. Bxf3 Nc6 9. Bxc6 (9. Bg2 Nd7 10. e3 e5 11.
Ne2 Re8 12. b3 exd4 13. Nxd4 Nxd4 14. exd4 c6 15. Rb1 Nf6 16. d5 c5 17. Bf4 Qc7
18. Qd3 Ng4 19. h3 Ne5 20. Qc2 a6 21. Rfe1 b5 22. Re2 Qd7 23. Rbe1 f5 {Hutters,
T (2285)-Hoi,C (2365) Espergarde 1987 1/2-1/2}) 9... bxc6 10. Qa4 Qd7 11. Kg2
Rfb8 12. Rd1 h5 13. Rb1 h4 14. f3 a5 15. Qc2 h3+ 16. Kg1 Qf5 17. Qxf5 gxf5 18.
Na4 Nd7 19. b3 Nb6 20. Nxb6 Rxb6 21. Ba3 Rbb8 22. Kf2 {Hansen,C (2505)-Hoi,C 
(2380) Copenhagen 1984 1/2-1/2 (58)}) (7... Qd7 8. Re1 (8. b3 Bh3 9. Bb2 Qg4
10. e4 Nc6 11. Re1 e5 12. Nd5 Ne8 13. dxe5 Nxe5 14. Nxe5 Bxe5 15. f3 Qd7 16.
Qd2 Bxg2 17. Kxg2 c6 18. Nb6 axb6 19. Bxe5 f6 20. Bc3 Qf7 21. Qd4 c5 22. Qd3
Rd8 {Helmers,K (2205)-Cuartas,C (2425) Thessaloniki 1984 1/2-1/2 (66)}) 8...
Re8 9. Bf4 Nh5 10. Be3 Na6 11. Ng5 Qc8 12. Qb3 Rb8 13. c5 Rf8 14. cxd6 exd6 15.
Nb5 h6 16. Nf3 Ra8 17. Rac1 Qd7 18. d5 c5 19. dxc6 bxc6 20. Nc3 Rfe8 21. Qc4
Nc7 22. Bd4 {Tal,M (2580)-Kremenietsky,A (2390) Moscow 1990 1-0 (38)}) (7... a5
8. Bg5 Qd7 9. Qd2 Re8 10. Bh6 Bh8 11. Ng5 Qc8 12. h3 Bd7 13. f4 Nc6 14. e3 Nd8
15. Kh2 e5 16. fxe5 dxe5 17. d5 Nh5 18. Qf2 Ra6 19. g4 Nf6 20. Qh4 Bxg4 21.
Rxf6 Bxf6 22. hxg4 {Carron,J (2416)-Gaehler,M (2247) Graechen 2009 1-0}) 8. Bf4
(8. Ng5 h6 9. h3 hxg5 10. hxg4 c5 $14) 8... c6 {Consolidates b5+d5} 9. Qd2 Bxf3
10. Bxf3 e5 11. dxe5 {White forks: d6+f6} (11. Be3 exd4 12. Bxd4 Qc7 $14) 11...
Nxe5 $11 12. b3 {Secures c4} (12. Bxe5 dxe5 13. Rfd1 Qa5 $11) 12... Nxf3+ $15
13. exf3 d5 14. c5 d4 15. Ne2 d3 {Don't underestimate that pawn} 16. Nc3 Nd5 {
Black threatens to win material: Nd5xc3} 17. Rac1 $2 (17. Nxd5 Bxa1 18. Nc7 Qd4
19. Nxa8 Bc3 $11) 17... Nxc3 (17... Nxf4 $142 {and the scales tip in favour of
Black} 18. gxf4 Qh4 $19) 18. Rxc3 $15 Bxc3 19. Qxc3 {Black wins the exchange}
Qd5 (19... Re8 $142 20. Rd1 Qe7 $15) 20. Kg2 $4 {hands over the advantage to
the opponent} (20. Bh6 $142 {is the best option White has} f6 21. Bxf8 Rxf8 22.
Rd1 $11) 20... g5 $19 21. Bd6 Rfe8 (21... g4 $142 $5 22. Bxf8 gxf3+ 23. Kg1
Rxf8 $19) 22. Rd1 $15 g4 23. Rxd3 gxf3+ 24. Rxf3 b6 25. b4 (25. Qf6 Qe6 $11)
25... bxc5 (25... Re2 26. Qf6 $15) 26. bxc5 (26. Bxc5 Re5 $11) 26... Re2 $15 {
Black threatens to win material: Re2xa2} 27. Qf6 Qe6 (27... Rae8 28. h3 $17)
28. Qc3 (28. Qf4 Re8 $15) 28... Rxa2 $15 29. Rf4 Qd5+ (29... Re8 $5 30. Qf3 Qd5
31. Qxd5 cxd5 32. Rg4+ Kh8 $17) 30. Kh3 $11 {White has a mate threat} Qh5+ $4 {
gives the opponent new chances} (30... h5 $142 {was possible} 31. Qe3 Qe6+ 32.
Qxe6 fxe6 $11) 31. Rh4 $18 Qxh4+ (31... Qg6 {the only chance to get some
counterplay} 32. Rg4 Qxg4+ 33. Kxg4 Rxf2 $18) 32. gxh4 Rxf2 (32... Re8 {
otherwise it's curtains at once} 33. Qg3+ Kh8 34. Be5+ Rxe5 35. Qxe5+ Kg8 36.
Qg5+ Kf8 $18) 33. Qg3+ Kh8 34. Qxf2 Kg7 (34... f5 {cannot change destiny} 35.
Qxf5 Kg8 36. Qe6+ Kg7 37. Qe7+ Kg6 38. h5+ Kxh5 39. Qf7+ Kh6 40. Bf4#) 35. Be5+
(35. Qg3+ Kf6 36. Qe5+ Kg6 37. Qg5#) 35... Kf8 36. Qf6 Re8 (36... a5 {doesn't
change the outcome of the game} 37. Bd6+ Kg8 38. Qg5+ Kh8 39. Be5+ f6 40. Bxf6#
) 37. Bd6+ (37. Qh6+ Ke7 38. Qd6#) 37... Kg8 38. Be5 Rxe5 $4 {a weak move,
ruining a winning position} (38... Kf8 39. Qh6+ Kg8 40. Qg7#) 39. Qxe5 a5 (
39... f6 {is not much help} 40. Qe8+ Kg7 41. Kg4 a6 42. Kf5 a5 43. Qe7+ Kg8 44.
Kxf6 h5 45. Qg7#) 40. h5 (40. Kg4 f6 41. Qc7 Kh8 42. Kf5 h5 43. Kxf6 a4 44.
Qg7#) 40... a4 41. h6 (41. h6 Kf8 42. Kh4 f5 43. Kg5 Kf7 44. Kxf5 a3 45. Qg7+
Ke8 46. Ke6 a2 47. Qe7#) (41. Kg4 f6 42. Qe8+ Kg7 43. Qe7+ Kg8 44. h6 f5+ 45.
Kxf5 Kh8 46. Qg7#) 1-0

[Event "SapporoSummer2018"]
[Site "?"]
[Date "2018.07.28"]
[Round "2.3"]
[White "BRINKMANN, Leonard"]
[Black "NISHIMORI, Toshiyuki"]
[Result "1-0"]
[WhiteElo "1636"]
[BlackElo "1823"]
[Annotator "Fritz 15 (30s)"]
[PlyCount "107"]

{[%mdl 8192] A03: Bird's Opening with 1...d5} 1. f4 d5 2. Nf3 Nf6 3. e3 Nc6 4.
Bb5 Bd7 5. Bxc6 $146 (5. O-O e6 6. b3 Bd6 7. Bb2 O-O 8. d3 a6 9. Bxc6 Bxc6 10.
Nbd2 Qe7 11. Qe1 Ba3 12. Bd4 Nd7 13. Qg3 f6 14. Rae1 Bb4 15. Ba1 e5 16. Nh4 Qe6
17. Re2 Rae8 18. f5 Qd6 19. Qg4 Rf7 {Rodriguez Vila,A (2559)-Mekhitarian,K 
(2416) Santos 2007 1/2-1/2 (39)}) 5... Bxc6 {Black has the pair of bishops} 6.
O-O e6 7. b3 {Covers a4} b6 8. Bb2 Be7 9. Qe1 Bb5 10. d3 {Controls c4+e4} Qd6
11. a4 {White threatens to win material: a4xb5} Ba6 12. Nbd2 h6 {Prevents
intrusion on g5} 13. Ne5 Nh5 (13... O-O 14. Rf3 $14) 14. b4 (14. Ndf3 c5 $16)
14... c5 {Black threatens to win material: c5xb4} (14... Qxb4 15. Ba3 Qc3 16.
Bxe7 Kxe7 17. Qh4+ Nf6 18. Ndf3 $11) 15. Qd1 {White threatens to win material:
Qd1xh5} Nf6 16. bxc5 bxc5 17. Ba3 Nd7 {Black threatens to win material: Nd7xe5}
18. Ndf3 Qc7 (18... O-O 19. Qe1 $11) 19. Nxd7 Qxd7 20. Ne5 Qc7 21. Qg4 {
White threatens to win material: Qg4xg7} Bf6 22. Rfe1 h5 {Black threatens to
win material: h5xg4} 23. Qf3 Rc8 24. e4 Bb7 (24... d4 25. Nc4 $11) 25. exd5
Bxd5 26. Qe2 g6 (26... h4 27. Rab1 $11) 27. c4 {White threatens to win
material: c4xd5} Bb7 28. Rab1 Be7 $4 {solves nothing} (28... Bc6 29. Bxc5 Bxg2
30. Kxg2 Qxc5 31. Rb7 $14) 29. Qb2 $4 {there were better ways to keep up the
pressure} (29. Nxf7 $142 {and White takes home the point} O-O 30. f5 $18) 29...
Ba8 $16 30. Qb5+ (30. Nc6 O-O 31. Nxe7+ Qxe7 $16) 30... Kf8 $14 {Black loses
the right to castle} 31. Bc1 (31. Bb2 $5 {should be considered} Kg8 32. Nxg6
fxg6 33. Bxh8 Kxh8 34. Rxe6 $11) 31... Kg7 $11 32. Bd2 (32. Bb2 f6 33. Qa6 Bd6
34. Nxg6 Kxg6 35. Rxe6 Bc6 36. Rxf6+ Kh7 $17) 32... Rb8 (32... f6 33. Nf3 Qd6
34. Qb2 $17) 33. Qd7 (33. Qa6 $5 $11 {has some apparent merit}) 33... Qxd7 $17
34. Nxd7 Rxb1 35. Rxb1 Bc6 {Black threatens to win material: Bc6xd7. Black
forks: a4+d7} (35... Rd8 $5 36. Ne5 f6 $15) 36. Ne5 $11 {White threatens to
win material: Ne5xc6} Bxa4 (36... Ba8 $142 $5 $11 {would keep Black in the game
}) 37. Ra1 $16 Bc2 38. Rxa7 Kf6 $4 {strolling merrily down the path to disaster
} (38... Re8 $142 $16) 39. Bc3 $18 Re8 40. Nc6+ Kf5 41. Nxe7+ Kxf4 42. Bd2+ Ke5
43. Nc6+ Kf6 44. Bc3+ Kg5 (44... e5 {is one last hope} 45. Rc7 Bxd3 46. Nxe5
Bb1 $18) 45. Rxf7 Bxd3 (45... Kh6 {a fruitless try to alter the course of the
game} 46. Bg7+ Kh7 47. Bf6+ Kg8 48. Rg7+ Kf8 49. Ne5 Rb8 50. Rh7 Rb1+ 51. Kf2
Rf1+ 52. Kxf1 Bxd3+ 53. Kg1 Kg8 54. Rh8#) 46. Bd2+ Kh4 47. Rf4+ Kg5 48. Rf3+
Kh4 49. Rxd3 (49. Rg3 Bxc4 50. Bg5#) 49... e5 (49... Kg4 {cannot change what
is in store for ?} 50. Rf3 h4 51. Ne5+ Kh5 52. g4+ hxg3 53. Rxg3 Kh4 54. Kg2
Rh8 55. Rh3#) 50. Rd5 (50. Rg3 e4 51. Bg5#) 50... g5 51. Nxe5 Rxe5 52. Rxe5 Kg4
53. h3+ Kg3 54. Rf5 (54. Rf5 g4 55. Be1#) (54. Bxg5 h4 55. Re3#) 1-0

[Event "SapporoSummer2018"]
[Site "?"]
[Date "2018.07.28"]
[Round "2.4"]
[White "YOSHII, Yukihiko"]
[Black "SUGIMOTO, Koichi"]
[Result "0-1"]
[WhiteElo "1844"]
[BlackElo "1966"]
[Annotator "Fritz 15 (30s)"]
[PlyCount "56"]

{[%mdl 8192] D15: Slav Defence: 4 Nc3 a6 and gambit lines after 4 Nc3 dxc4} 1.
c4 c6 2. d4 d5 3. cxd5 cxd5 4. Nc3 Nf6 5. Nf3 Nc6 6. e3 a6 7. a4 $146 (7. Be2
Bg4 8. O-O e6 9. Bd2 Bd6 10. Rc1 O-O 11. h3 Bh5 12. a3 Rc8 13. b4 Ne4 14. Ne1
Bxe2 15. Nxe2 Bb8 16. Nd3 Qd6 17. g3 b6 18. Be1 Qd7 19. a4 Nd6 20. Qb3 Nc4 21.
Nb2 Nxb2 {Sahidi,S (2315)-Komliakov,V (2416) Senica 2015 1/2-1/2 (35)}) (7. Ne5
e6 8. f4 Bd6 9. Bd3 Ne7 10. O-O b5 11. Bd2 Bb7 12. Rc1 O-O 13. Bb1 Rc8 14. Qe2
Rc7 15. Nd1 Rxc1 16. Bxc1 Ne4 17. Nf2 Qa5 18. Nf3 f6 19. Nd3 b4 20. Bd2 Qb6 21.
Rc1 a5 {Matlak,M (2465)-Dreev,A (2650) Czechia 1995 0-1 (59)}) (7. Bd3 Bg4 8.
O-O e6 9. h3 Bh5 10. Bd2 Bd6 11. Rc1 O-O 12. Na4 Bg6 13. Bxg6 hxg6 14. a3 Ne4
15. Nc3 Nxc3 16. Bxc3 Rc8 17. Qe2 Na5 18. Bxa5 Qxa5 19. Qd2 Qxd2 20. Nxd2 Rfd8
21. Nb3 b6 {Maksimovic,S (2198)-Djingarova,E (2234) Sunny Beach 2014 1/2-1/2 
(32)}) (7. a3 Bg4 8. Be2 e6 9. O-O Bd6 10. b4 O-O 11. Bb2 Rc8 12. Na4 Ne4 13.
Ne5 Bxe2 14. Qxe2 b5 15. Nxc6 Rxc6 16. Nc5 Bb8 17. a4 Nd6 18. axb5 axb5 19. Ra8
Nc4 20. Rfa1 Qd6 21. g3 Rfc8 {Jimenez Clavero,M (2199)-Rodriguez Marquez,A 
(2156) Malaga 1985 1-0 (41)}) (7. Bd2 Bg4 $11) 7... Bg4 8. Be2 e6 9. O-O Bd6
10. h3 Bh5 11. b3 O-O 12. Bb2 Rc8 13. Rc1 Qb6 14. g4 {White threatens to win
material: g4xh5} Bg6 15. Nd2 Ne4 (15... h6 $142 $5 $17) 16. Ncxe4 $11 dxe4 {
Black has new doubled pawns: e4+e6} 17. Nc4 Qd8 18. Nxd6 {White forks: b7+c8}
Qxd6 {White has the pair of bishops} 19. Bc4 Rfd8 20. Qe2 Qb4 21. Bc3 {White
threatens to win material: Bc3xb4} Qe7 22. Rfd1 Qh4 {Black threatens to win
material: Qh4xh3} 23. Kg2 h5 24. Rh1 Ne7 25. f4 (25. Ba5 $142 $5 {and White
can hope to survive} Re8 26. Bb4 $11) 25... exf3+ $17 26. Qxf3 Qg5 27. Qf4 $4 {
further deteriorates the position} (27. Kf2 $142 $17) 27... Qxf4 $19 28. exf4
Be4+ (28... Be4+ 29. Kg1 Bxh1 30. Kxh1 Nd5 $19) 0-1